000 00610nam a22002057a 4500
008 240619b mp ||||| |||| 00| 0 mon d
035 _a11119
040 _aUV1862160
_bmon
_cMN-UlNLM
_dMN-UlNLM
_erda
041 _amon
042 _a23831
082 _210-t
_a808.899
_bП.326
100 _aКоллоди К.
245 0 _aПиноккиогийн адал явдал
264 _aУлаанбаатар
_bУлсын хэвлэх газар
_c1965
300 _a171х.
336 _2rdacontent
_atext
_btxt
337 _2rdamedia
_aunmediated
_bn
338 _2rdacarrier
_avolume
_bnc
942 _210-t
_cBK
999 _c913253
_d913310